| 000 | 01568nam a2200349 c 4500 | ||
|---|---|---|---|
| 003 | BLK | ||
| 005 | 20240229004013.0 | ||
| 008 | 180408b bul|||||r ||||||| ||bul|| | ||
| 010 | _aKNG00080527000 | ||
| 020 |
_a954-739441-Х _bиздат.: Захарий Стоянов |
||
| 040 | _aBLK | ||
| 041 |
_aBUL _cBUL |
||
| 080 |
_aБългарска литература _b821.163.2 _x-31 _z821.163.2-31 |
||
| 100 | 1 |
_aТалев, Димитър _gПетров-Палисламов, Димитър Талев _9254183 |
|
| 139 |
_aТалев, Димитър _bТ 25 |
||
| 245 | 1 | 0 |
_aИлинден _cДимитър Талев; състав. Иван Гранитски. |
| 250 | _a14. изд. | ||
| 257 | _aBGR | ||
| 260 |
_аСофия _bЗахарий Стоянов _c2004 _fСофия : Образование и наука |
||
| 300 |
_a868 с. _c20 см |
||
| 380 | _aX | ||
| 490 | 1 |
_aПоредица Българска класика _v60 |
|
| 500 | _aПълното име на авт. е Димитър Талев Петров. - 1. изд. 1953 на изд. Бълг. писател | ||
| 590 | _aф | ||
| 700 | 1 |
_aГранитски, Иван _qДимитров, Иван Йорданов _d1953- _gЖурналист, литературен критик, теоретик и историк, поет, публицист и издател. _eсъстав. _955767 |
|
| 852 | _aЦб 237758 | ||
| 856 | 4 |
_qpdf _u |
|
| 856 | 4 |
_qpdf _u |
|
| 942 |
_cKNG _n0 |
||
| 944 |
_aCR _c17.01.2008 _k _lCRON CRON |
||
| 944 |
_aED _c24.01.2008 _k |
||
| 999 |
_c76101 _d76101 |
||